Circular Logos II Quiz Stats

 Plays Quiz Updated Nov 15, 2017

Also try: Circular Logos
Challenge
Share
Tweet
Score 0/16 Timer 03:00
1 Play Today
Company % Correct
BMW
96.9%
Google Chrome
92.3%
Pinterest
85.7%
Beats
80.3%
PBS
77.1%
Spotify
71%
Converse
68.8%
Crocs
67.2%
Company % Correct
Jimmy John's
66.2%
Buick
60.4%
Bacardi
57.7%
Expedia
57.2%
Prudential Financial
56.2%
Shazam
55.9%
Timberland
41%
Vodafone
34.7%

You're not logged in!

Compare scores with friends on all Sporcle quizzes.
Join for Free
OR
Log In

You Might Also Like...

Show Comments

Extras

Top Quizzes Today


Score Distribution

Your Account Isn't Verified!

In order to create a playlist on Sporcle, you need to verify the email address you used during registration. Go to your Sporcle Settings to finish the process.

Report this User

Report this user for behavior that violates our Community Guidelines.

Details: